| 000 | 01353nam a22001577a 4500 | ||
|---|---|---|---|
| 041 | _aukr | ||
| 080 | _a09 | ||
| 090 | _bВЕР | ||
| 100 | _aВерещук Є.М. | ||
| 245 | _aАнглійська науково-фантастична лексика | ||
| 260 |
_aОстрог _bКАФ _c2009 |
||
| 300 | _a70 | ||
| 520 |
_aВСТУП
РОЗДІЛ 1 НАУКОВО-ФАНТАСТИЧНА ЛЕКСИКА ЯК СПЕЦИФІЧНА ЛЕКСИЧНА КАТЕГОРІЯ
1.1 Стан наукової розробки проблеми та огляд літератури.
1.2 Визначення поняття науково-фантастичної лексики.
РОЗДІЛ 2 МОРФЕМНИЙ СКЛАД НОВОТВОРІВ
2.1 Корені, створені авторами.
2.2 Способи словотвору НФЛ.
2.3 Словотвірні гнізда НФЛ.
2.4 Творення сталих словосполучень,що належать до НФЛ.
РОЗДІЛ 3 СТИЛІСТИЧНІ ВЛАСТИВОСТІ І ФУНКЦІЇ НФЛ
3.1 Стилістичні властивості НФЛ.
3.2 Стилістичні прийоми використання НФЛ у тексті.
ВИСНОВКИ _0науково-фантастична лексика,новотвори |
||
| 650 | _aResearch Papers | ||
| 999 |
_c284208 _d284208 |
||
| 942 | _cBK | ||